Najdrożsi Reprezentanci Polski #1 - Statystyki

Ogólne statystyki
  • Ten quiz został rozwiązany 51 razy
  • Średni wynik to 13 z 25
Statystyki odpowiedzi
Wartość Piłkarz % Poprawnych
8,00 mln € Robert Lewandowski
100%
11,00 mln € Jan Bednarek
95%
10,00 mln € Piotr Zieliński
95%
27,00 mln € Jakub Kiwior
91%
22,00 mln € Matty Cash
84%
20,00 mln € Nicola Zalewski
84%
20,00 mln € Oskar Pietuszewski
84%
12,00 mln € Sebastian Szymański
77%
12,00 mln € Kamil Grabara
73%
5,00 mln € Karol Świderski
68%
17,00 mln € Marcin Bułka
66%
12,00 mln € Jakub Kamiński
61%
7,50 mln € Krzysztof Piątek
59%
10,00 mln € Jakub Moder
55%
7,00 mln € Przemysław Frankowski
48%
4,50 mln € Sebastian Walukiewicz
34%
12,00 mln € Jan Ziółkowski
30%
5,00 mln € Kacper Kozłowski
27%
4,50 mln € Jakub Piotrowski
25%
5,00 mln € Antoni Kozubal
23%
7,00 mln € Marcel Reguła
23%
4,00 mln € Maxi Oyedele
11%
12,00 mln € Kacper Potulski
9%
7,00 mln € Adrian Przyborek
7%
6,00 mln € Mateusz Bogusz
5%
Nie znaleziono quizów pasujących do podanych kryteriów
Rozkład punktacji
Procent ludzi z każdym wynikiem
Percentyl według liczby udzielonych odpowiedzi
Twoja historia wyników
Nie rozwiązałeś tego quizu